[Event "Hamburg HSK Elo op 4th"]
[Site "Hamburg"]
[Date "2003.05.03"]
[Round "6"]
[White "Lindinger, Markus"]
[Black "Reddmann, Hauke"]
[Result "1-0"]
[WhiteElo "2304"]
[BlackElo "2358"]
[Annotator "Reddmann,H"]
[PlyCount "69"]
[EventDate "2003.05.01"]
[EventType "swiss"]
[EventRounds "7"]
[EventCountry "GER"]
[SourceTitle "EXT 2019"]
[Source "ChessBase"]
[SourceDate "2018.10.10"]
[SourceVersion "1"]
[SourceVersionDate "2018.10.10"]
[SourceQuality "1"]

1. d4 Nf6 2. Nc3 d5 3. Bg5 Bf5 4. f3 Bg6 5. e4 dxe4 6. Qd2 Nbd7 7. O-O-O h6 8.
Bh4 e6 9. fxe4 Nxe4 10. Qe1 Ng5 {Um e6 zusätzlich zu schützen, das war
vielleicht etwas zu hyperfein.} 11. Nh3 Bd6 12. Bc4 O-O 13. Qe3 Be7 14. Nf4 Bh7
15. d5 e5 16. Ne6 {Mit diesem kleinen Schwindel kommt Weiß doch noch zu etwas
Kompensation für den Bauern.} Nxe6 17. dxe6 Bxh4 18. Kb1 fxe6 19. Bxe6+ Kh8 20.
Rxd7 Qf6 21. Bb3 Qc6 {Im folgenden stellt Schwarz den Mehrbauern wieder ein,
für Aktivität.} 22. Rhd1 Qxg2 23. Qxe5 Bf6 24. Qxc7 Rab8 25. R7d2 Qg5 26. Nd5
Be5 27. Qc4 Rbc8 28. Qe2 Bg6 {Na klasse. Einmal nicht aufgepaßt, Partie kaputt.
} 29. h4 Qg3 30. Ne7 Rc5 (30... Bf4 {hielt vielleicht noch. Falls 30...Re8, 31.
Qxe5.}) 31. Rd8 Be8 32. h5 Kh7 33. Qe4+ g6 34. Nxg6 Bxg6 35. hxg6+ 1-0

[Event "Agzamov Memorial 09th"]
[Site "Tashkent"]
[Date "2015.03.18"]
[Round "8"]
[White "Kholmirzaev, Bakhodir"]
[Black "Safarli, Eltaj"]
[Result "1/2-1/2"]
[WhiteElo "2322"]
[BlackElo "2641"]
[Annotator "Safarli,E"]
[PlyCount "98"]
[EventDate "2015.03.11"]
[EventType "swiss"]
[EventRounds "9"]
[EventCountry "UZB"]
[SourceTitle "EXT 2019"]
[Source "ChessBase"]
[SourceDate "2018.10.10"]
[SourceVersion "1"]
[SourceVersionDate "2018.10.10"]
[SourceQuality "1"]

1. d4 Nf6 2. Nc3 d5 3. Bg5 Nbd7 (3... c5 $5 4. Bxf6 (4. Nf3 Ne4 $1 $36) (4. e4
$5 Nxe4 5. Nxe4 dxe4 6. dxc5 Qa5+ 7. c3 Qxc5 8. Qa4+ Nc6 9. Be3 Qa5 10. Qxe4
Bf5 $146 11. Qc4 e5 $132) (4. e3 Nc6) 4... gxf6 5. e4 (5. e3) 5... dxe4 6. dxc5
Qa5 7. Qd5 a6 8. O-O-O Nc6 9. Bc4 Bh6+ (9... e6 $146) (9... Be6 10. Qxe4 f5 11.
Qe2 Bxc4 12. Qxc4 e6 13. Na4 Qb5 14. Qb3 Nd4 15. Qxb5+ axb5 $11 {...1/2,
Goldin,A - Khalifman,A (Kiev, 1984)}) 10. Kb1 O-O 11. Qxe4 Qxc5 12. Nf3 Bf5 13.
Qh4 Rad8 {...0-1, Rapport,R - Bachmann,A (Zalakaros, 2014)}) 4. Nf3 e6 (4... h6
$5 {the idea of 4...-h6 is obviously not to allow e4 in future, however now
White can step the Bishop on f4} 5. Bf4 (5. Bh4 e6 6. e4 $2 g5 $15) 5... e6 6.
Nb5 (6. e3 Bb4 7. a3 $146 Bxc3+ 8. bxc3 c5 9. c4 Qa5+ 10. Qd2 Qa4) 6... Bb4+ 7.
c3 Ba5) 5. e4 h6 6. Bxf6 ({CTR7} 6. Bh4) 6... Nxf6 7. e5 Ne4 $5 (7... Nd7 8.
Ne2 c5 9. c3 Be7 10. a3 {...1/2, Vallejo Pons,F - Sargissian,G (Ohrid, 2009)})
8. Nxe4 $2 (8. Qd3 $8 Nxc3 9. Qxc3 Bd7 10. Bd3 c5 11. dxc5 Qc7 $36) 8... dxe4
$17 {[%emt 0:00:08] Black's got fantastically big advantage already on move} 9.
Ng1 c5 $6 {not prepared. White's life gets a bit easier after it} (9... Bd7 $1
$146 {not giving a chance to develop the Bishop with tempo} 10. Qe2 c5 11. Qxe4
Qa5+ 12. c3 Bc6 $17) 10. Bb5+ Bd7 11. Bxd7+ Qxd7 12. c3 $2 Rd8 $6 {why to slow
down?!} ({After normal} 12... cxd4 {Black's very big chances to win a game in
10 moves} 13. Qxd4 (13. cxd4 Bb4+ 14. Kf1 O-O 15. Ne2 f6 $17) 13... Qc6 $17)
13. Ne2 cxd4 14. Nxd4 (14. Qxd4 Qc6) 14... Bc5 15. Nb3 Qxd1+ $6 {
simplification, is what White was aiming for} (15... Qc6 $5 16. Qe2 Rd5 17. O-O
Rxe5 18. Na5 Qc7 19. Nc4 Rd5 20. Qxe4 O-O 21. Rad1 Rfd8 22. Rxd5 Rxd5 $15 {
Black has a lasting advantage, thanks to activity of pieces} (22... exd5 {
is not winning a piece due to} 23. Qe5 $11)) 16. Rxd1 Rxd1+ 17. Kxd1 Bxf2 18.
Rf1 e3 {Black has won a pawn, however it costed them the loss of conjunction
between pieces} 19. Ke2 Ke7 20. Nc5 {from now on, it was impossible to convert
the minimal material advantage into something special} Rd8 21. Nd3 Rd5 22. a4
Ra5 23. Ra1 Ra6 24. a5 Rc6 25. Nb4 Rc5 26. Nd3 Rc4 27. Ra3 Kd7 28. Ra1 h5 29.
h3 g5 30. Rc1 Ke7 31. b3 Rc8 32. c4 g4 33. hxg4 hxg4 34. Rh1 g3 35. Rh4 b6 36.
a6 b5 37. Rd4 bxc4 38. Rxc4 Rxc4 39. bxc4 Kd7 40. Nc5+ Kc6 41. Ne4 Kb6 42. Nd6
Kxa6 43. Nxf7 Kb6 44. Nd8 Kc5 45. Nxe6+ Kxc4 46. Nd4 Kd5 47. e6 Kd6 48. Nb5+
Kxe6 49. Nxa7 Kd5 1/2-1/2

[Event "EU-chT (Men) 20th"]
[Site "Reykjavik"]
[Date "2015.11.21"]
[Round "8.2"]
[White "Rapport, Richard"]
[Black "Radjabov, Teimour"]
[Result "1-0"]
[WhiteElo "2693"]
[BlackElo "2739"]
[Annotator "Sagar Shah"]
[PlyCount "71"]
[EventDate "2015.11.13"]
[EventType "team-swiss"]
[EventRounds "9"]
[EventCountry "ISL"]
[SourceTitle "CBM 170"]
[Source "ChessBase"]
[SourceDate "2016.01.15"]
[SourceVersion "1"]
[SourceVersionDate "2016.01.15"]
[SourceQuality "1"]
[WhiteTeam "Hungary"]
[BlackTeam "Azerbaijan"]
[WhiteTeamCountry "HUN"]
[BlackTeamCountry "AZE"]

{This game is highly unusual and shows perfectly how Richard Rapport likes to
play.} 1. d4 Nf6 2. Bg5 {The Trompowsky!} d5 3. e3 $5 {He doesn't really want
to take on f6 and play the Trompowsky, maybe he would like to play the Torre?!}
c5 4. Nc3 $5 {Veresov?!!} e6 5. Nf3 {This my dear friends is no opening system.
It's just a cocktail of all the respectable opening lines to create an unusual
variation.} Nc6 6. a3 $5 {For normal people like me this move would mean
playing dxc5 followed by b4. But on Planet Rapport it means creating a square
on a2 for your c3-knight!} Be7 7. dxc5 Bxc5 8. Bd3 O-O 9. O-O Be7 {Black has a
very comfortable position out of the opening, but then Richie never really
tried for an opening advantage, did he?} 10. e4 d4 11. Na2 $5 {See how the
move a2-a3 was useful!} (11. Ne2 e5 $11 {is a perfectly fine position for
Black.}) 11... e5 (11... a5 {trying to stop Nb4 is met with} 12. e5 $1 Nd5 13.
Bxe7 Qxe7 14. Nc1 $14 {and White is clearly better as the d4-square is quite
weak.}) 12. Nb4 Nd7 (12... Nxb4 13. axb4 Qc7 14. Bd2 Be6 $11 {was a much
better way to play.}) 13. Bd2 (13. Bxe7 Qxe7 14. Nd5 Qd6 $11 {Black has no
real problems in this position.}) 13... a5 14. Nxc6 bxc6 15. b4 axb4 16. axb4
Bb7 17. Qe2 Qb6 (17... c5 18. b5 Qc7 $11 {and Black cannot be really worse
here.}) 18. c3 Rxa1 19. Rxa1 dxc3 20. Bxc3 Bxb4 21. Rb1 c5 22. Nxe5 Nxe5 23.
Bxe5 $11 {The last few moves have been pretty normal, nothing unusual. The
position is round about equal. The pawn on c5 is pretty much the imbalancing
feature in the position. It could either be a weakness or a strength. But
overall if the pawn doesn't exist the the 4 vs 3 on the kingside will be
nearly impossible to win. Hence, this position should surely not be anything
much for White.} Re8 {.} 24. Ba1 Qe6 $6 {The start of a wrong plan. Look how
White slowly strengthens his position move by move as Black struggles to find
a plan.} (24... Bc8 $1 {Re-routing the bishop to e6 looks quite good.} 25. Bc4
Be6 26. f3 Qd6 27. Qb2 f6 $11) (24... c4 $2 25. Qb2 $18) 25. f3 Ra8 26. Bc4 Ba6
{Getting into a tactical melee against Rapport is not such a great idea.} (
26... Qe7 27. Qb2 Qf8 28. Rd1 $14 {Just shows how White has improved his
position and Black has not been able to do much.}) 27. Qb2 $1 {Threatening a
mate on g7.} Qg6 28. Qa2 $1 {The bishop on a6 is pinned and there's pressure
on the f7-pawn. Meanwhile the bishop on b4 is currently completely out of the
game.} Bb7 29. Rd1 $1 {Back rank weakness reminder.} h6 30. Qb2 {Rd7 is quite
a deadly threat now.} Bc6 {.} 31. Qe5 $1 {Basically there is no real threat in
this position, but the black pieces are just so badly tied down. The queen has
to defend g7, the bishop on c6 has taken care of a rook invasion on d7 and the
bishop on b4 is practically out of the game. The rook on a8 looks free to move,
but what can a lone man do!} Kh7 32. h4 $1 {With the deadly threat of h5 Qg5
Bxf7.} f6 33. Qc7 $1 Be8 34. Be6 {Bf5 is a monsterous threat.} Kh8 35. Qb7 Ra3
36. Qe7 $1 {The check on f8 cannot be prevented. What a game by Rapport!
Unusual opening, creative middlegame play and then razor sharp calculation to
finish off the game! He is truly a great player.} 1-0

[Event "RUS-chT 07th"]
[Site "Smolensk"]
[Date "2000.04.21"]
[Round "7"]
[White "Chernyshov, Konstantin"]
[Black "Ovetchkin, Roman"]
[Result "1-0"]
[WhiteElo "2544"]
[BlackElo "2493"]
[Annotator "Tsesarsky,I"]
[PlyCount "63"]
[EventDate "2000.04.15"]
[EventType "team-tourn"]
[EventRounds "11"]
[EventCountry "RUS"]
[SourceTitle "CBM 077"]
[Source "ChessBase"]
[SourceDate "2000.07.27"]
[SourceVersion "1"]
[SourceVersionDate "2000.07.27"]
[SourceQuality "1"]
[WhiteTeam "Voronezh OShK"]
[BlackTeam "Nizhny Tagil Politekhnik"]
[WhiteTeamCountry "RUS"]
[BlackTeamCountry "RUS"]

1. d4 Nf6 2. Nc3 d5 3. Bg5 Bf5 4. Bxf6 gxf6 (4... exf6 {-mainline}) 5. e3 e6 6.
Bd3 Bg6 (6... Bxd3 $11) 7. f4 ({Also in some games played} 7. Nge2 $11 {
-nothing interesting...}) 7... c5 $6 $146 (7... Bxd3 $142 $5 8. cxd3 c6 (8...
c5 9. dxc5 Bxc5 10. d4 Bb4 11. Nf3 Nc6 12. O-O O-O 13. Nh4 f5 14. Qh5 Kh8 15.
Rf3 Rg8 16. Rh3 Rg7 $132 {0-1 Marjasin-Cherepkov,A/Minsk 1981/ (38)}) 9. Nf3
Nd7 10. O-O Bd6 11. Rb1 Qe7 $11 {1-0 Marjasin-Klowan,J/Minsk 1976/ (35)}) (7...
c6 $6 8. f5 $5 exf5 9. Qf3 Bh6 10. Nge2 Qe7 11. Nf4 Nd7 12. O-O-O O-O-O 13. h4
$14 {1-0 Spal,M-Hostinsky Jiri/Czech League 1995 (25)}) (7... Nc6 8. a3 Qd7 9.
Qf3 O-O-O 10. Nge2 f5 11. b4 f6 12. O-O Bd6 $132 {1-0 Shtyrenkov,V-Walek,M/
Pardubice ,EXT 1995/(34)}) (7... f5 $142 $5 8. Nf3 Bh5 {See comments to the
game 0-1 Maryasin,B-Tyomkin,D/Tel-Aviv 1999/CBM 71/[Tyomkin,D] (52)} (8... c5
9. O-O (9. Bb5+ Nc6 10. Ne5 Qc7 {[%cal Gf7f6] /\f6}) 9... Nc6 10. Ne5 cxd4 11.
Nxc6 bxc6 12. exd4 Qb6 {[%csl Rb2,Rd4]} 13. Ne2 Qxb2 14. c4 dxc4 15. Bxc4 Bg7
16. Rb1 Qa3 17. Ng3 O-O $17 {0-1 Buhmann-Komljenovic,D/St.Ingbert 1987/EXT 97 
(22)})) 8. f5 $1 {[%mdl 512] Good standard in this variation P sacrifice} exf5
9. Qf3 Nc6 10. Nge2 Qd7 (10... cxd4 11. exd4 (11. Nxd5 Qa5+ 12. Kd1 Bh6 13.
Nxf6+ Kf8 $15) 11... Bb4 12. Bxf5 (12. O-O Bxc3 13. Nxc3 Nxd4 (13... O-O 14.
Qxd5 Nxd4 15. Qxb7 $14) 14. Rae1+ Kf8 15. Qxd5 (15. Qf2 Nc6 16. Qc5+ Ne7 17.
Nxd5 Qxd5 18. Qxe7+ Kg7 $44) 15... Qxd5 16. Nxd5 Rd8 17. Ne3 Rg8 18. c3 Nf3+
19. Rxf3 Rxd3 20. Rf2 $14) 12... Bxc3+ 13. bxc3 $14) 11. O-O (11. Nxd5 $5 Bg7 (
11... O-O-O 12. Nxf6 Qe6 13. d5 Qxf6 14. dxc6 $14) 12. c4 $14) 11... O-O-O $2
$16 (11... Rd8 $142 12. Bxf5 Bxf5 13. Qxf5 Bh6 $14) 12. Bxf5 Bxf5 13. Qxf5 Nb4
(13... Qe6 14. Qxe6+ fxe6 15. Rxf6 Bg7 16. Rf7 Bh6 17. Rf3 $16) 14. Qf2 (14.
Qxf6 Be7 15. Qf2 Nxc2 16. Rac1 $16) 14... Nxc2 (14... Bh6 15. Nf4 (15. Nd1 Rhe8
16. Ng3 $16 {[%csl Rf5,Rf6,Rf7]}) 15... cxd4 16. exd4 $16) 15. Rac1 Nb4 16. Nf4
$5 (16. Qxf6 $144 Rg8 17. dxc5 Qe6 18. Qxe6+ fxe6 19. Nf4 Kd7 20. a3 Nc6 21. b4
$16) 16... cxd4 17. exd4 Kb8 18. a3 Nc6 19. Nfxd5 {[%csl Rf6,Rf7] White have
returned a material and have advantage.} Qg4 {[%csl Rd4]} (19... Qd6 $16) 20.
Rcd1 {[%csl Gd4][%cal Gd1d4]} Bh6 $2 $18 (20... Bg7 21. b4 $16) 21. Rfe1 $2 $16
({Why not} 21. Nxf6 $1 Qg6 22. d5 $18) 21... f5 22. b4 f4 $1 (22... Rd6 $2 23.
h3 Qg5 24. b5 Nd8 25. Re5 Re6 (25... Rg8 26. Ne7 $18) 26. Rxf5 Qg6 27. g4 $1
$18 {[%csl Rb8][%cal Gf2g3,Gf2h2,Gh2b8]}) 23. b5 Na5 24. Rd3 Qf5 (24... Nc4 $5
$16) 25. Rh3 Bg7 26. Rh5 $1 Qg6 (26... Qxh5 $2 27. Qxf4+ $18) 27. Qxf4+ Qd6 28.
Qf2 Nb3 $2 $18 (28... Nc4 $142 29. b6 a6 (29... axb6 30. Nb5 Qg6 31. Rf5 $16)
30. Rf5 $16) 29. Rh4 Rc8 (29... Qg6 30. h3 h5 31. Rhe4 $18) 30. Qxf7 $4 $132 {
[%mdl 8192]} (30. Rd1 $18) 30... Bxd4+ 31. Rxd4 Nxd4 32. Re7 {1-0 ??} ({After} 
32. Re7 Ka8 $8 {the position is equal:} 33. Nc7+ Rxc7 34. Rxc7 Rf8 35. Qd7 {
[%tqu "En","?","","","f8f1","",10]} Rf1+ $3 36. Kxf1 Qf4+ 37. Ke1 Qe3+ 38. Kf1
(38. Kd1 $4 Qd3+ 39. Ke1 Nc2+ 40. Kf2 Qe3+ 41. Kf1 Qe1#) 38... Qf4+ 39. Kg1
Qe3+ $11) 1-0

[Event "ISR-ch op"]
[Site "Tel Aviv"]
[Date "1999.04.05"]
[Round "6"]
[White "Maryasin, Boris Feliksovich"]
[Black "Tyomkin, Dimitri"]
[Result "0-1"]
[WhiteElo "2398"]
[BlackElo "2504"]
[Annotator "Tyomkin,D"]
[PlyCount "104"]
[EventDate "1999.03.28"]
[EventType "swiss"]
[EventRounds "9"]
[EventCountry "ISR"]
[SourceTitle "CBM 071"]
[Source "ChessBase"]
[SourceDate "1999.08.01"]
[SourceVersion "1"]
[SourceVersionDate "1999.08.01"]
[SourceQuality "1"]

1. d4 d5 2. Nc3 Nf6 3. Bg5 Bf5 4. Bxf6 gxf6 5. e3 e6 6. Bd3 Bg6 7. f4 f5 $5 {
Bg6 is not worse than his opponent.On the other hand Bg6 has h5-d1 diagonal
after development of Ng1.} (7... Bxd3 8. cxd3 c5 9. dxc5 Bxc5 10. d4 Bb4 11.
Nf3 Nc6 $11 {0-1 Maryasin,B-Cherepkov,A/Minsk 1981/MCD (38)}) (7... Nc6 $6 8.
a3 Qd7 9. Qf3 O-O-O 10. Nge2 f5 11. b4 f6 12. O-O Bd6 13. Na4 Ne7 14. Nc5 Bxc5
15. bxc5 $16 {[%csl Rc8] 1-0 Shtyrenkov,V-Walek,M/Pardubice ,EXT 1995 (34)}) 8.
Nf3 Bh5 $146 (8... c5 9. O-O (9. Bb5+ Nc6 10. Ne5 Qc7 {[%cal Gf7f6] /\f6}) 9...
Nc6 10. Ne5 cxd4 11. Nxc6 bxc6 12. exd4 Qb6 {[%csl Rb2,Rd4]} 13. Ne2 Qxb2 14.
c4 dxc4 15. Bxc4 Bg7 16. Rb1 Qa3 17. Ng3 O-O $17 {0-1 Buhmann-Komljenovic,D/St.
Ingbert 1987/EXT 97 (22)}) 9. Be2 {White looks for exchange for this bishop.}
Nd7 (9... Bxf3 10. Bxf3 c5 11. Ne2 Nc6 12. c3 $11) 10. Ne5 Bxe2 11. Qxe2 Nxe5
12. dxe5 (12. fxe5 {[%cal Re2b5] /\Qb5} a6 (12... c6 13. Qh5 $1 {Otherwise
black would play Qg5.} (13. O-O-O Qg5 $1) 13... Rg8 $1 {and black looks
perfect in this position.}) (12... Bh6 13. O-O-O Qg5 14. Rhe1 Rg8 15. g3 Qg4
16. Qf2 $14 {[%cal Gc3e2] /\Ne2 Black doesn't have active moves anymore.}) 13.
O-O-O Qg5 $11 {The importence of this move you can see from next variation:} (
13... Bb4 14. g4 $1 {By such way white would undermine blacks better structure.
} (14. Nb1 $11) 14... Bxc3 15. bxc3 fxg4 16. Qxg4 f5 (16... Qe7 17. Rdf1 O-O-O
18. Qh5 $16 {[%csl Rf7] xf7}) 17. exf6 (17. Qg7 Rf8 18. Qxh7 Qe7 $11) (17. Qh5+
Kd7 $15) 17... Qxf6 18. Rdf1 Qg6 19. Qh4 $16 Rg8 (19... Rf8 20. Rxf8+ Kxf8 21.
Rf1+ $16) 20. Rf6 Qg4 21. Qxg4 Rxg4 22. Rxe6+ $16)) 12... a6 {I wanted to keep
to myself an opportunity to move pawn-c7 to c5(and then probably c5-c4).} (
12... c6 13. O-O-O Bb4 $15) 13. O-O-O Bb4 14. e4 $6 {[%mdl 576] This
move-beginning of sharp complications. White is going to sacrifice a piece(Nc3)
for 2pawns,recieving in addition the attack on blacks king.} ({The other ways
for white to play in this position are quiter:} 14. Qd3 c5 15. Ne2 c4 16. Qd4
Qa5 17. a3 Bc5 18. Qd2 Qc7 (18... c3 $2 19. Nxc3 Bxa3 20. Nxd5 $1) 19. Nd4 b5
20. c3 Qb6 21. Qc2 a5 22. Kd2 b4 23. axb4 axb4 24. Ra1 Kd7 $17 25. Nxf5 $140 (
25. Rhb1 $140 b3 {[%cal Ga8a2] /\Ra2}) 25... b3) ({or:} 14. Nb1 $15 {[%cal
Gc2c3] /\c3}) 14... Bxc3 15. exd5 {[%mdl 576]} Bb4 16. dxe6 (16. a3 Bc5 {
just improves bishop's placement.}) 16... Qe7 17. exf7+ Qxf7 18. e6 Qf6 {
During the game I supposed that black can hold on the defence in this position
and I was right about it.} 19. Rd7 Bd6 20. g3 O-O 21. Re1 Rae8 22. Rf7 Qg6 23.
Qc4 b5 (23... Rd8 $5 24. Rxc7 b5 $1 (24... Bxc7 25. e7+ Qf7 26. Qxc7 $18)) (
23... Rc8 24. Rd7 Kh8 $140 25. Qc3+ Qf6 $140 $2 26. Qxf6+ Rxf6 27. e7 $18 {
[%cal Rd7d8]}) 24. Qd5 Re7 25. Rxe7 Bxe7 26. Qc6 Rd8 (26... Bd6 $17) 27. Qxc7 (
27. Qxa6 Qf6 28. Qxb5 Qd4 $17) 27... Qf6 28. c3 b4 29. Kc2 (29. Re5 Qf8 $1 (
29... Bd6 $2 30. Rxf5 $1 {[%csl Rd8]}) 30. Qa5 bxc3 31. bxc3 Ba3+ 32. Kc2 Qd6
33. Kb3 Rb8+ 34. Kc4 (34. Ka4 Qd1+ $1) 34... Rc8+ 35. Kb3 Qd2 $1 $19) 29...
bxc3 30. bxc3 Rd6 31. Qc8+ Kg7 32. Re5 Qh6 33. h4 Qh5 $19 34. Re1 Qf3 35. Qc4
Qf2+ {Too softly .I could capture pawn-g3 without any danger,but in
time-pressure I didn't want to open lines opposite to my king.Text move forces
an ending which is easily winning for black.} (35... Qxg3 $142 {[%cal Gg3f2]})
36. Qe2 Qxe2+ 37. Rxe2 Kf6 (37... h5 $5) 38. h5 Rxe6 39. Rg2 Kf7 {[%cal Ge6h6]
/\Rh6 Increasing power of the rook.} 40. Kd3 Rh6 41. Rh2 Rd6+ 42. Ke3 Re6+ 43.
Kd3 Re1 44. Rb2 {There are too many weak pawns of white,and with the following
move white brings out the rook hoping to get some counterplay.} Rg1 45. Rb6
Rxg3+ 46. Kc4 Rg4 47. Rxa6 Rxf4+ 48. Kd5 Rf1 $1 {[%cal Gf5f4,Yf1e1] Black
moves the rook to the right direction-there is no way for white to stop passed
f-pawn now.} 49. c4 f4 50. Ke4 f3 51. Ra5 f2 52. Kf3 Bh4 0-1